000 00267nam a2200097 4500
245 _aD.J.Enright,Poet of humanism
_cWilliam Walsh
100 _aWalsh,William
260 _aLondon
_bCambridge University Press
_cc1974
300 _aviii,107p.; 22cm.
082 _a821.914
_bENR/WAL
999 _c378
_d378